000 00445nam a22001577a 4500
020 _a0 273 02672 0
082 _a620.00450285
_bPRI
100 _aRonney, Joe
_940493
245 _aPrincipals of computer-aided design
_cJoe Ronney and Philip Steadman
260 _aLondon
_bPitman Publishing
_c1987
300 _ax, 341.p
526 _a0
_b0
_c0
_d620_004502850000000_PRI
650 _aMCE
_9379
700 _aJoe Ronney
_940494
942 _2ddc
_cBK
999 _c544764
_d544764